000 00300nam a2200109 4500
999 _c10057
_d10057
008 180730b ||||| |||| 00| 0 eng d
245 _aProtect your homes from Zika and dengue.
260 _aPhilippines
_bManila Bulletin
_cc2016
300 _apage C-3.
650 0 _929712
_aViruses.
942 _2ddc
_cPER